[Event "SVK-chT2D 1516"]
[Site "Slovakia"]
[Date "2015.10.17"]
[Round "1.2"]
[White "Vojtko, Marek"]
[Black "Peterson, Eric"]
[Result "1-0"]
[WhiteElo "2017"]
[BlackElo "2152"]
[PlyCount "113"]
[EventDate "2015.10.17"]
[EventType "team-tourn"]
[EventRounds "11"]
[EventCountry "SVK"]
[SourceTitle "CBM 169 Extra"]
[Source "ChessBase"]
[SourceDate "2015.12.18"]
[SourceVersion "1"]
[SourceVersionDate "2015.12.18"]
[SourceQuality "1"]
[WhiteTeam "Kosice Slavia IV"]
[BlackTeam "Stara Lubovna SO II"]
[WhiteTeamCountry "SVK"]
[BlackTeamCountry "SVK"]

1. d4 e6 2. c4 d5 3. Nf3 Nf6 4. g3 Be7 5. Bg2 0-0 6. Qc2 c5 7. dxc5 Qa5+ 8. Nc3 Qxc5 9. cxd5 Nxd5 10. Bd2 Nc6 11. Qb3 Na5 12. Qa4 Nc4 13. Ne4 Qc7 14. Rc1 Ndb6 15. Qc2 f5 16. Bf4 Qd8 17. Rd1 Bb4+ 18. Nc3 Qf6 19. Bg5 Qg6 20. 0-0 Bd7 21. Qb3 Bxc3 22. Qxc3 Rac8 23. Bf4 Qf6 24. Qxf6 gxf6 25. b3 Na5 26. Be3 Rfd8 27. Rd6 Rc6 28. Bxb6 axb6 29. Rfd1 Rxd6 30. Rxd6 Nc6 31. Nd4 Be8 32. Nb5 Kf8 33. Bxc6 Rxd6 34. Nxd6 Bxc6 35. Nc4 b5 36. Ne3 Ke7 37. f3 Kd6 38. Nc2 Kc5 39. Kf2 b4 40. Ke3 Bb5 41. Ne1 e5 42. h4 Bd7 43. Nd3+ Kb5 44. Nf2 h5 45. Kd3 Kc5 46. e4 f4 47. gxf4 exf4 48. Kd2 Kd4 49. Nd3 f5 50. exf5 Bxf5 51. Nxf4 Ke5 52. Nxh5 Bg6 53. Ng3 Kf4 54. h5 Bb1 55. Ne4 Kxf3 56. Nf6 Kf4 57. h6 1-0

[Event "Kosice Kotan Memorial 7th"]
[Site "Kosice"]
[Date "2015.07.19"]
[Round "2"]
[White "Zambor, Norbert"]
[Black "Vojtko, Marek"]
[Result "1-0"]
[WhiteElo "2277"]
[BlackElo "1991"]
[PlyCount "65"]
[EventDate "2015.07.18"]
[EventType "swiss"]
[EventRounds "9"]
[EventCountry "SVK"]
[SourceTitle "EXT 2016"]
[Source "ChessBase"]
[SourceDate "2015.10.08"]
[SourceVersion "1"]
[SourceVersionDate "2015.10.08"]
[SourceQuality "1"]

1. e4 e6 2. d4 d5 3. Bd3 c5 4. exd5 exd5 5. Nf3 Nf6 6. 0-0 Be7 7. dxc5 Nc6 8. c3 a5 9. Be3 0-0 10. Nbd2 Bg4 11. Qc2 h6 12. h3 Be6 13. a3 a4 14. Rfe1 Nd7 15. b4 axb3 16. Nxb3 Qe8 17. Bb5 Na5 18. Bxd7 Qxd7 19. Bd4 Rfc8 20. Nfd2 Nc4 21. Qd3 Nxa3 22. Qg3 Bf8 23. Nf3 Nc2 24. Ne5 Qb5 25. Rxa8 Rxa8 26. Rb1 Ra1 27. Rxa1 Nxa1 28. Nxa1 Qb1+ 29. Kh2 Qxa1 30. Nd3 Qa5 31. Nf4 Qc7 32. h4 f5 33. Nxe6 1-0